| 000 | 00421pab a2200169 454500 | ||
|---|---|---|---|
| 008 | 180718b2012 xxu||||| |||| 00| 0 eng d | ||
| 100 | _aKanunjna, D. | ||
| 245 | _aHigher education in India: Some relevant issues concerns | ||
| 260 | _c2012 | ||
| 300 | _ap.1-4. | ||
| 362 | _a2 Apr | ||
| 650 | _aHigher education - India | ||
| 650 | _aHigher education | ||
| 773 | _aUniversity News | ||
| 908 | _aN | ||
| 909 | _a96316 | ||
| 999 |
_c96316 _d96316 |
||